Normal view MARC view
  • DATABASE-MICROSOFT ACCESS 2.0 MICROSOFT ACCESS 2.0

Entry Topical Term

Number of records used in: 1

001 - CONTROL NUMBER

  • control field: 77395

003 - CONTROL NUMBER IDENTIFIER

  • control field: NUST

005 - DATE AND TIME OF LATEST TRANSACTION

  • control field: 20210628205902.0

008 - FIXED-LENGTH DATA ELEMENTS

  • fixed length control field: 210628|| aca||aabn | a|a d

040 ## - CATALOGING SOURCE

  • Original cataloging agency: NUST
  • Transcribing agency: NUST

150 ## - HEADING--TOPICAL TERM

  • Topical term or geographic name entry element: DATABASE-MICROSOFT ACCESS 2.0 MICROSOFT ACCESS 2.0

670 ## - SOURCE DATA FOUND

  • Source citation: Work cat.: (NUST): Toliver, Pamela 77394, Access 2.0 for windows, 1995
© 2023 Central Library, National University of Sciences and Technology. All Rights Reserved.